LEADER 00925nam a2200229 i 4500 001 000000108342 003 CaOOAMICUS 005 20110117000000.0 008 110117s1971 xx u000 u und u 013 $a80987 040 $aSeMil$bita 100 1 $aBogliolo, Luigi <1910-1999>.$0(OLS)http://semarc/name/4966 245 10$aLinguaggio teologico e ateismo /$cLuigi Bogliolo. 260 $aRoma :$bPontificia Università Lateranense,$c1971. 300 $a124 p. ;$c25 cm. 650 4$aLinguaggio teologico.$0(OLS)http://semarc/subject/5979 650 4$aAteismo.$0(OLS)http://semarc/subject/2022 850 $aSeMil 852 $aSeMil$W1$xVenegono$y1$m2I III 167$j64438$B64438$CSeMilBibl$Z2$F158297 $81 961 $aOmaggio: Calcaterra don Carlo 996 $6245$aLinguaggio teologico e ateismo$9(OLS)http://semarc/title/157092 996 $6260$aRoma :$bPontificia Università Lateranense$9(OLS)http://semarc/publisher/30174 LEADER 00942nam a2200253 i 4500 001 000000110680 003 CaOOAMICUS 005 20090827000000.0 008 090827s2002 it u000 u ita u 013 $a83361 020 $a88-263-1457-8 040 $aSeMil$bita 100 1 $aCiola, Nicola,$d<1952- >.$0(OLS)http://semarc/name/89472 245 10$aCristologia e Trinità /$cNicola Ciola. 260 $aRoma :$bBorla,$c2002. 300 $a254 p. ;$c22 cm. 650 4$aTrinità - Teologia.$0(OLS)http://semarc/subject/1098 650 4$aCristologia.$0(OLS)http://semarc/subject/173 850 $aSeMil 852 $aSeMil$W1$xVenegono$y1$m2B III 18$j66543$B66543$CSeMilBibl$Z2$F89094 $81 961 $aAcquisto: Mescat 996 $6020$a88-263-1457-8$9(OLS)http://semarc/number/92551 996 $6245$aCristologia e Trinità$9(OLS)http://semarc/title/160906 996 $6260$aRoma :$bBorla$9(OLS)http://semarc/publisher/29677